000 00296nam a2200121Ia 4500
008 190216s9999||||xx |||||||||||||| ||und||
100 _aTheraja B L
245 2 _aA Text Book Of Electrical Technology
260 _bNiraja Construction
_c1968
300 _a1600p
650 _aPhysics
942 _cBK
999 _c33102
_d33102